| 000 | 00539nam a2200217Ia 4500 | ||
|---|---|---|---|
| 005 | 20250425162446.0 | ||
| 008 | 250425s9999 xx 000 0 und d | ||
| 020 | _a0962452904 | ||
| 041 | _aeng | ||
| 082 | _a639.41 | ||
| 100 | _aQUAYLE, D B | ||
| 245 | 0 | _aFARMING BIVALVE MOLLUSCS: METHODS FOR STUDY AND DEVELOPMENT | |
| 250 | _aS.E. | ||
| 260 | _aBATON ROUGE | ||
| 260 |
_aEstados Unidos _bTHE WORLD AQUACULTURE SOCIETY _c1989 |
||
| 300 | _a294 | ||
| 650 | _aMOLUSCOS | ||
| 650 | _aOSTRAS | ||
| 942 | _c01 | ||
| 010 | _a75530 | ||
| 999 |
_c229641 _d229641 |
||